000 00896nam a2200253Ia 4500
003 OSt
005 20220930190913.0
006 a|||||r|||| 00| 0
007 ta
008 220926b |||||||| |||| 00| 0 eng d
024 _a2255
037 _cDissertations
040 _aCRL
_cCRL
_beng
041 _2eng
_aeng
100 _aMohd.Bashir
_9559531
110 _aUniversity of Delhi. Faculty of Medical Sciences. Department of Surgery
245 0 _aEtiological study of incidence of wound dehiscence and burst abdomen with special reference to the effect of use of different suture materials after abdominal surgery
260 _c1969
650 _aSURGERY
700 _a Dr G D Goel Supervisor
_9522942
700 _aUniversity of Delhi. Faculty of Medical Sciences. Department of Surgery
942 _cDIS
_2CC
999 _c893289
_d893289